000 00674nam a2200217Ia 4500
003 GCL
005 20240530095401.0
008 140319s9999 xx 000 0 ara d
040 _aGCL /
_cGCL
082 0 4 _a050
_bد/د هـ
245 1 0 _aمصر من نافذة قطار ( الهلال مارس 2004 )
260 _aالقاهرة :
_bدار الهلال للطباعة والنشر ،
_c2004
650 0 4 _aصلاح جاهين
650 0 4 _aام كلثوم
650 0 4 _aالمخرجون
650 0 4 _aالموسيقى العربية
650 0 4 _aلبنان - حزب الله
650 0 4 _aكمال امين
650 0 4 _aمعرض الكتاب
942 _2ddc
_cCR
999 _c6694
_d6694